Najlepsi szachiści w 2019 - Statystyki

Ogólne statystyki
  • Ten quiz został rozwiązany 164 razy
  • Średni wynik to 6 z 15
Statystyki odpowiedzi
Miejsce w rankingu Ranking Szachista % Poprawnych
1 2876 Magnus Carlsen
100%
2 2812 Fabiano Caruana
73%
3 2811 Liren Ding
55%
9 2765 Viswanathan Anand
55%
7 2767 Wesley So
52%
4 2780 Anish Giri
42%
14 2758 Levon Aronian
38%
13 2759 Alexander Grischuk
34%
6 2774 Maxime Vachier-Lagrave
34%
12 2760 Sergey Karjakin
33%
7 2767 Shakhriyar Mamedyarov
25%
14 2758 Teimour Radjabov
18%
10 2763 Yangyi Yu
8%
5 2776 Ian Niepomniaszczij
7%
10 2763 Leinier Dominguez Perez
6%
Nie znaleziono quizów pasujących do podanych kryteriów
Rozkład punktacji
Procent ludzi z każdym wynikiem
Percentyl według liczby udzielonych odpowiedzi
Twoja historia wyników
Nie rozwiązałeś tego quizu